LEADER 02574nam 2200349zu 450 001 9911006939103321 005 20250413181659.0 010 $a9781523163878 010 $a1523163879 035 $a(CKB)38334088600041 035 $a(EXLCZ)9938334088600041 100 $a20250413|2024uuuu || | 101 0 $aeng 135 $aur||||||||||| 200 10$aApplied process hazard analysis $ethe operational questions /$fGlenn Young 210 $cAmerican Society of Safety Professionals (ASSP)$d2024 311 08$a9780939874538 311 08$a0939874539 327 $aPiping systems -- Atmospheric tanks -- Pressure vessels -- Valves -- Centrifugal pumps -- Centrifugal fans, blowers, and compressors -- Steam systems -- Steam turbines -- Cooling towers -- Distillation columns -- Heat exchangers -- Neutralizers and scrubbers -- Fired equipment -- Positive displacement pumps -- Positive displacement compressors -- Electrical systems -- Vent systems, incinerators, thermal oxidizers, and flares Chapter 18 Instrumentation -- Safety instrumented systems -- Package equipment -- Reactors -- Rupture discs and relief valves -- Dusts and solids -- Utilities and miscellaneous -- Before the process hazard analysis -- During the process hazard analysis -- After the process hazard analysis -- Extended risk analysis -- Experience and learning. 330 $a"This book, written specifically for PHA Facilitators, is designed to offer the benefit of actual operations experience from a 15-year career in chemical production. This book looks at specific types of industrial equipment and their failure modes. For each type of equipment, historical failures are discussed with examples. Then, a checklist of questions is provided. The PHA facilitator should ask those specific questions of the PHA team when examining that specific type of equipment. Chapters include specific types of chemical-manufacturing equipment, including distillation columns, boilers, centrifugal pumps, positive-displacement pumps, fluidized beds, etc"--$cProvided by publisher. 606 $aChemical engineering$xSafety measures 606 $aChemical engineering$xRisk assessment$zUnited States 606 $aChemical plants$xInspection$zUnited States 615 0$aChemical engineering$xSafety measures. 615 0$aChemical engineering$xRisk assessment 615 0$aChemical plants$xInspection 676 $a660/.2804 700 $aYoung$b Glenn$cCSP,$01822442 906 $aBOOK 912 $a9911006939103321 996 $aApplied process hazard analysis$94388659 997 $aUNINA